00406nam a2200157Ia 450000500170000000800410001702000150005805000220007310000200009524500430011526000350015830000330019344000060022652100070023252600090023920140311163150.0140130s9999 xx 000 0 und d a0439830133 aE 234b.Am46 2006 4Ammon, Richard  cAmmon, RichardaValley forge (Ammon) / bScholastic,c2006.aNew York : a32 p. :bcol. ill. ;c29 cm. v1 aG9 c1040